Movies Quiz

Random Movies or Alphabet Quiz

Top Grossing 'C' Movies Quiz Stats

Quiz Updated Dec 27, 2017

Challenge
Share
Tweet
Score 0/21 Timer 05:00
8 Plays Today
% Correct
Cars
98.9%
Captain America: The First Avenger
96.4%
Cars 2
93.8%
Cars 3
92.8%
Charlie and the Chocolate Factory
92.4%
Cinderella (2015)
90.2%
The Chronicles of Narnia: The Lion, the Witch and the Wardrobe
86.4%
Captain America: Civil War
82.7%
Captain America: The Winter Soldier
78.7%
Casino Royale
78.4%
Crocodile Dundee
76.9%
% Correct
Cast Away
76.7%
The Chronicles of Narnia: Prince Caspian
74.7%
Catch Me If You Can
73.1%
A Christmas Carol (2009)
70.5%
The Chronicles of Narnia: The Voyage of the Dawn Treader
64.2%
The Croods
64%
Coco
58.7%
The Curious Case of Benjamin Button
47.1%
Clash of the Titans (2010)
44%
The Conjuring 2
18.7%

You're not logged in!

Compare scores with friends on all Sporcle quizzes.
Sign Up with Email
OR
Log In

You Might Also Like...

Show Comments

Extras

Top Quizzes Today


Score Distribution

Your Account Isn't Verified!

In order to create a playlist on Sporcle, you need to verify the email address you used during registration. Go to your Sporcle Settings to finish the process.